Introduction to instrumentation, sensors, and process control (Record no. 215413)
[ view plain ]
| 000 -LEADER | |
|---|---|
| fixed length control field | 01426 a2200241 4500 |
| 003 - CONTROL NUMBER IDENTIFIER | |
| control field | Nust |
| 005 - DATE AND TIME OF LATEST TRANSACTION | |
| control field | 20221007183102.0 |
| 010 ## - LIBRARY OF CONGRESS CONTROL NUMBER | |
| LC control number | 2005050832 |
| 020 ## - INTERNATIONAL STANDARD BOOK NUMBER | |
| International Standard Book Number | 1580530117 (hbk.) |
| 035 ## - SYSTEM CONTROL NUMBER | |
| System control number | (Uk)013279508 |
| 040 ## - CATALOGING SOURCE | |
| Transcribing agency | Nust |
| 082 00 - DEWEY DECIMAL CLASSIFICATION NUMBER | |
| Classification number | 670.427,WIL |
| 100 1# - MAIN ENTRY--PERSONAL NAME | |
| Personal name | Dunn, William C. |
| 9 (RLIN) | 64255 |
| 245 10 - TITLE STATEMENT | |
| Title | Introduction to instrumentation, sensors, and process control |
| Statement of responsibility, etc. | William C. Dunn |
| 260 ## - PUBLICATION, DISTRIBUTION, ETC. | |
| Place of publication, distribution, etc. | Boston, MA ; |
| -- | London : |
| Name of publisher, distributor, etc. | Artech House, |
| Date of publication, distribution, etc. | cop. 2006 |
| 300 ## - PHYSICAL DESCRIPTION | |
| Extent | 331 s. |
| 505 ## - FORMATTED CONTENTS NOTE | |
| Formatted contents note | Chapter-1, Introduction to process Control (Page-1), Chapter-2, Units and Standards (Page-15),Chapter-3, Basics Electrical Components (Page-25),Chapter-4, Analog Electronics (Page-41),Chapter-5, Digital Electronics (Page-59),Chapter-6, Microelectromechanical Devices and Smart Sensors (Page-79), Chapter-7, Pressure (Page-99),Chapter-8, Level (Page-115),Chapter-9, Flow (Page-129),Chapter-10, Temperature and Heat (Page-149),Chapter-11, Position, Force and Light (Page-171),Chapter-12, Humidity Other Sensors (Page-193),Chapter-13, Regulators, Valves and Motors (Page-211),Chapter-14, Programmable Logic Controllers (Page-233),Chapter-15, Signal Conditioning and Transmission (Page-251),Chapter-16, Process Control (Page-271),Chapter-17, Documentation and P&ID (Page-297 ). |
| 650 #7 - SUBJECT ADDED ENTRY--TOPICAL TERM | |
| Topical term or geographic name entry element | Detectors |
| 9 (RLIN) | 399 |
| 650 #7 - SUBJECT ADDED ENTRY--TOPICAL TERM | |
| Topical term or geographic name entry element | Process control |
| 650 #7 - SUBJECT ADDED ENTRY--TOPICAL TERM | |
| Topical term or geographic name entry element | Process control |
| 9 (RLIN) | 99538 |
| 650 #7 - SUBJECT ADDED ENTRY--TOPICAL TERM | |
| Topical term or geographic name entry element | Processtyrning |
| 9 (RLIN) | 99539 |
| 942 ## - ADDED ENTRY ELEMENTS (KOHA) | |
| Source of classification or shelving scheme | |
| Koha item type | Book |
| Withdrawn status | Lost status | Source of classification or shelving scheme | Damaged status | Not for loan | Permanent Location | Current Location | Shelving location | Date acquired | Total Checkouts | Full call number | Barcode | Date last seen | Date last checked out | Price effective from | Koha item type | Public note |
|---|---|---|---|---|---|---|---|---|---|---|---|---|---|---|---|---|
| Military College of Signals (MCS) | Military College of Signals (MCS) | Reference | 12/12/2016 | 1 | 670.427,WIL | MCS37198 | 03/22/2025 | 08/12/2022 | 12/12/2016 | Reference | Almirah Fresh No.45, Shelf No.5 | |||||
| Military College of Signals (MCS) | Military College of Signals (MCS) | Reference | 12/12/2016 | 670.427,WIL | MCS37199 | 12/08/2016 | 12/12/2016 | Reference | Almirah No.24, Shelf No.6 |
